000 00511nam a2200181Ia 4500
005 20250326142847.0
008 250326s9999 xx 000 0 und d
037 _aTextbook
040 _aFMSL
_beng
_cFMSL
041 _aeng
_2eng
084 _aX:74.1 P0
_qFMSL
100 _aMitchell C
_9697909
245 0 _aShort course in international business culture
_cMitchell C
260 _aUSA
_bUSA, World Trade Press
_c2000
300 _a186p
942 _cTB
_hX:74.1 P0
999 _c1296983
_d1296983